|
|
|
|
| LEADER |
00000nam a2200000 a 4500 |
| 001 |
UCN1793 |
| 003 |
CL-VaPUC |
| 005 |
20241213123108.0 |
| 008 |
010504e19781215CL |||||||||||||||||spa|d |
| 999 |
|
|
|c 295018
|d 295016
|
| 040 |
|
|
|c Pontificia Universidad Católica de Valparaíso
|
| 082 |
0 |
4 |
|a 983.0646 GAR 1978
|2 21
|
| 100 |
|
|
|a Garretón Merino, Manuel Antonio
|e autor
|9 617177
|
| 245 |
1 |
0 |
|a Chile: cronología del período 1970-1973.
|
| 260 |
|
|
|a Santiago
|b FLACSO
|c 1978
|
| 300 |
|
|
|a 7 volúmenes.
|
| 505 |
|
|
|a t.1: segunda parte. t.1 v.5: cronología resumida. t.1 v.6: índices.
|
| 583 |
|
|
|a last modification
|c 20170518 01:13:09
|k Rodrigo Vera
|
| 600 |
|
0 |
|a Allende Gossens, Salvador,
|d 1908-1973
|9 257222
|
| 600 |
|
0 |
|a Pinochet Ugarte, Augusto,
|e 1915-2006
|9 374419
|
| 650 |
|
7 |
|a HISTORIA DE CHILE 1970-1973
|2 CL-VaPUC
|9 418252
|
| 650 |
|
0 |
|a Partidos políticos
|9 254999
|
| 650 |
|
0 |
|a Presidentes de Chile
|9 268293
|
| 650 |
|
0 |
|a Golpe de estado
|9 264543
|
| 700 |
0 |
|
|a Cox, Cristián
|9 457134
|
| 700 |
|
|
|a Hola A., Eugenia
|e author
|9 619998
|
| 700 |
0 |
|
|a Benavides, Leopoldo
|9 457136
|
| 700 |
|
|
|a Morales Miranda, Eduardo
|e autor
|9 586452
|
| 700 |
|
|
|a Portales y Palazuelos, Diego,
|d 1793-1837
|9 255516
|
| 942 |
|
|
|c BK
|2 ddc
|
| 945 |
|
|
|d 20010504 00:00:00
|a cmena
|
| 952 |
|
|
|0 0
|1 0
|2 ddc
|4 0
|6 983_064600000000000_GAR_1978
|7 0
|8 P
|9 347860
|a BIBEDU
|b BIBEDU
|d 2019-11-20
|h t.1 v.5
|i 3241246
|o 983.0646 GAR 1978
|p 3241246
|r 2019-11-20
|t 1
|w 2019-11-20
|y BK
|k EDU
|
| 952 |
|
|
|0 0
|1 0
|2 ddc
|4 0
|6 983_064600000000000_GAR_1978
|7 0
|8 X
|9 347861
|a FDOBUD
|b FDOBUD
|d 2019-11-20
|h v.1
|i 1028529
|o 983.0646 GAR 1978
|p 1028529
|r 2019-11-20
|t 1
|w 2019-11-20
|y BK_X
|k BUD
|
| 952 |
|
|
|0 0
|1 0
|2 ddc
|4 0
|6 983_064600000000000_GAR_1978
|7 0
|8 X
|9 347862
|a FDOBUD
|b FDOBUD
|d 2019-11-20
|h v.1
|i 1082280
|o 983.0646 GAR 1978
|p 1082280
|r 2019-11-20
|t 2
|w 2019-11-20
|y BK_X
|k BUD
|
| 952 |
|
|
|0 0
|1 0
|2 ddc
|4 0
|6 983_064600000000000_GAR_1978
|7 0
|8 X
|9 347863
|a FDOBUD
|b FDOBUD
|d 2019-11-20
|h v.2
|i 1082299
|o 983.0646 GAR 1978
|p 1082299
|r 2019-11-20
|t 2
|w 2019-11-20
|y BK_X
|k BUD
|
| 952 |
|
|
|0 0
|1 0
|2 ddc
|4 0
|6 983_064600000000000_GAR_1978
|7 0
|8 X
|9 347864
|a FDOBUD
|b FDOBUD
|d 2019-11-20
|h v.2
|i 1082302
|o 983.0646 GAR 1978
|p 1082302
|r 2019-11-20
|t 1
|w 2019-11-20
|y BK_X
|k BUD
|
| 952 |
|
|
|0 0
|1 0
|2 ddc
|4 0
|6 983_064600000000000_GAR_1978
|7 0
|8 X
|9 347865
|a FDOBUD
|b FDOBUD
|d 2019-11-20
|h v.3
|i 1028537
|o 983.0646 GAR 1978
|p 1028537
|r 2019-11-20
|t 2
|w 2019-11-20
|y BK_X
|k BUD
|
| 952 |
|
|
|0 0
|1 0
|2 ddc
|4 0
|6 983_064600000000000_GAR_1978
|7 0
|8 X
|9 347866
|a FDOBUD
|b FDOBUD
|d 2019-11-20
|h v.3
|i 1082310
|o 983.0646 GAR 1978
|p 1082310
|r 2019-11-20
|t 1
|w 2019-11-20
|y BK_X
|k BUD
|
| 952 |
|
|
|0 0
|1 0
|2 ddc
|4 0
|6 983_064600000000000_GAR_1978
|7 0
|8 X
|9 347867
|a FDOBUD
|b FDOBUD
|d 2019-11-20
|h v.4
|i 1028545
|o 983.0646 GAR 1978
|p 1028545
|r 2019-11-20
|t 1
|w 2019-11-20
|y BK_X
|k BUD
|
| 952 |
|
|
|0 0
|1 0
|2 ddc
|4 0
|6 983_064600000000000_GAR_1978
|7 0
|8 X
|9 347868
|a FDOBUD
|b FDOBUD
|d 2019-11-20
|h v.4
|i 1082329
|o 983.0646 GAR 1978
|p 1082329
|r 2019-11-20
|t 2
|w 2019-11-20
|y BK_X
|k BUD
|
| 952 |
|
|
|0 0
|1 0
|2 ddc
|4 0
|6 983_064600000000000_GAR_1978
|7 0
|8 X
|9 347869
|a FDOBUD
|b FDOBUD
|d 2019-11-20
|h v.5
|i 1028553
|o 983.0646 GAR 1978
|p 1028553
|r 2019-11-20
|t 1
|w 2019-11-20
|y BK_X
|k BUD
|
| 952 |
|
|
|0 0
|1 0
|2 ddc
|4 0
|6 983_064600000000000_GAR_1978
|7 0
|8 X
|9 347870
|a FDOBUD
|b FDOBUD
|d 2019-11-20
|h v.5
|i 1082337
|o 983.0646 GAR 1978
|p 1082337
|r 2019-11-20
|t 2
|w 2019-11-20
|y BK_X
|k BUD
|
| 952 |
|
|
|0 0
|1 0
|2 ddc
|4 0
|6 983_064600000000000_GAR_1978
|7 0
|8 X
|9 347871
|a FDOBUD
|b FDOBUD
|d 2019-11-20
|h v.6
|i 1028561
|o 983.0646 GAR 1978
|p 1028561
|r 2019-11-20
|t 1
|w 2019-11-20
|y BK_X
|k BUD
|
| 952 |
|
|
|0 0
|1 0
|2 ddc
|4 0
|6 983_064600000000000_GAR_1978
|7 0
|8 X
|9 347872
|a FDOBUD
|b FDOBUD
|d 2019-11-20
|h v.6
|i 1082345
|o 983.0646 GAR 1978
|p 1082345
|r 2019-11-20
|t 2
|w 2019-11-20
|y BK_X
|k BUD
|
| 952 |
|
|
|0 0
|1 0
|2 ddc
|4 0
|6 983_064600000000000_GAR_1978
|7 0
|8 X
|9 347873
|a FDOBUD
|b FDOBUD
|d 2019-11-20
|h v.7
|i 102857K
|o 983.0646 GAR 1978
|p 102857K
|r 2019-11-20
|t 1
|w 2019-11-20
|y BK_X
|k BUD
|
| 952 |
|
|
|0 0
|1 0
|2 ddc
|4 0
|6 983_064600000000000_GAR_1978
|7 0
|8 X
|9 347874
|a FDOBUD
|b FDOBUD
|d 2019-11-20
|h v.7
|i 1082353
|o 983.0646 GAR 1978
|p 1082353
|r 2019-11-20
|t 2
|w 2019-11-20
|y BK_X
|k BUD
|